000
00269nam a2200109Ia 4500
008
200302s9999 xx 000 0 und d
100
_a
Paolo Favole
245
_a
The Story of Modern Architecture
260
_b
Prestel Publishing Ltd.
260
_c
2012
300
_a
142 P.,
999
_c
4116
_d
4116